000 00188 a2200097 4500
020 _a9780545458085
041 _aspa
100 _aAmes, Ruth
245 _aColmillos afilados
942 _cBK
999 _c12619
_d12619